Quiz sul Brasile - Statistics

Statistiche generali
  • Questo quiz è stato fatto 4.361 volte
  • Il punteggio medio è 13 su 21
Statistiche sulle risposte
Hint Risposta % Corretto
Capitale Brasilia
99%
Lingua ufficiale Portoghese
98%
Città più popolose Rio de Janeiro
97%
Cile
87%
Nome delle periferie delle città brasiliane Favelas
81%
Paesi del sudamerica che non confinano col Brasile Ecuador
76%
Pelè
76%
Fiume più lungo Rio delle Amazzoni
76%
Città più popolose San Paolo
75%
Evento che si celebra 5 giorni prima del mercoledì delle ceneri Carnevale
70%
Famosa statua che rappresenta il paese Cristo Redentore
68%
I calciatori brasiliani che hanno segnato più goal ai Mondiali di calcio FIFA Ronaldo
66%
Il Brasile è al primo posto al mondo per la produzione di questo seme Caffè
59%
Genere di musica suonata durante l'evento di cui sopra Samba
53%
Fu abolita nel 1888 Schiavitù
53%
Copacabana
44%
Controverso presidente eletto nel 2018 Jair Bolsonaro
44%
Motto riportato sulla bandiera Ordem e Progresso
30%
Moneta Real
26%
Cascate al confine con l'Argentina Cascate dell'Iguazù
20%
Famose spiagge Ipanema
18%
Nessun quiz corrispondente trovato
Distribuzione punteggi
Percentuale di utenti per punteggio
Percentile per numero di risposta
I tuoi punteggi nel tempo
Non hai fatto questo quiz